In My Lifetime, Vol.1 Tracklist (JAY-Z) - Statistics

General Stats
  • This quiz has been taken 5 times
  • The average score is 13 of 14
Answer Stats
Hint Answer % Correct
8 Always Be My Sunshine
100%
10 Face Off
100%
6 Friend Or Foe '98
100%
3 I Know What Girls Like
100%
4 Imaginary Players
100%
7 Lucky Me
100%
1 Medley: Intro
100%
12 Rap Game / Crack Game
100%
5 Streets Is Watching
100%
13 Where I'm From
100%
9 Who You Wit II
100%
14 You Must Love Me
100%
2 The City Is Mine
50%
11 Real N*ggaz
0%
No matching quizzes found
Score Distribution
Percent of People with Each Score
Percentile by Number Answered
Your Score History
You have not taken this quiz